Histoire Française n°6: La Revolution - Statistiques

Statistiques générales
  • Ce quiz a été pris 421 fois
  • Le résultat moyen est 70 sur 81
Statistiques - réponses
Question Tuile Select % Correct
Le 14 juillet 1789 Début de la Terreur Non
97%
Le 14 juillet 1789 Déclaration des Droits de L'homme et du citoyen Non
97%
Le 5 mai 1789 Exécution de Louis 16 Non
97%
Le 20 juin 1789 Exécution de Louis 16 Non
97%
Le 14 juillet 1789 Exécution de Louis 16 Non
97%
Le 14 juillet 1789 Fuite à Varennes Non
97%
Le 5 mai 1789 La Convention Nationale abolit la royauté et fonde la République Non
97%
Le 14 juillet 1789 La Convention Nationale abolit la royauté et fonde la République Non
97%
Le 14 juillet 1789 Les Etats Généraux s'ouvrent à Versailles Non
97%
Le 14 juillet 1789 Premiers pas de la Monarchie Constitutionnelle Non
97%
Le 20 juin 1789 Prise de la Bastille Non
97%
Le 14 juillet 1789 Serment du jeu de Paume Non
97%
Le 5 mai 1789 Début de la Terreur Non
96%
Le 20 juin 1789 Début de la Terreur Non
96%
Le 5 mai 1789 Déclaration des Droits de L'homme et du citoyen Non
96%
Le 20 juin 1789 La Convention Nationale abolit la royauté et fonde la République Non
96%
Le 20 juin 1789 Premiers pas de la Monarchie Constitutionnelle Non
96%
Le 14 juillet 1789 Prise de la Bastille Oui
96%
26 Août 1789 Prise de la Bastille Non
96%
26 Août 1789 Exécution de Louis 16 Non
95%
Le 5 mai 1789 Fuite à Varennes Non
95%
Le 20 juin 1789 Fuite à Varennes Non
95%
Le 5 mai 1789 Premiers pas de la Monarchie Constitutionnelle Non
95%
Le 5 mai 1789 Prise de la Bastille Non
95%
26 Août 1789 Début de la Terreur Non
94%
Le 20 juin 1789 Déclaration des Droits de L'homme et du citoyen Non
94%
26 Août 1789 Les Etats Généraux s'ouvrent à Versailles Non
94%
Le 21 juin 1791 Prise de la Bastille Non
94%
Le 21 juin 1791 Les Etats Généraux s'ouvrent à Versailles Non
93%
26 Août 1789 Serment du jeu de Paume Non
93%
26 Août 1789 Fuite à Varennes Non
92%
26 Août 1789 Premiers pas de la Monarchie Constitutionnelle Non
92%
Le 21 juin 1791 Serment du jeu de Paume Non
92%
Le 21 juin 1791 Début de la Terreur Non
91%
Le 21 juin 1791 Exécution de Louis 16 Non
91%
26 Août 1789 La Convention Nationale abolit la royauté et fonde la République Non
91%
Le 20 juin 1789 Les Etats Généraux s'ouvrent à Versailles Non
91%
Le 21 janvier 1793 Les Etats Généraux s'ouvrent à Versailles Non
91%
Le 14 septembre 1791: Prise de la Bastille Non
91%
Le 21 janvier 1793 Prise de la Bastille Non
91%
Le 21 janvier 1793 Serment du jeu de Paume Non
91%
Le 21 juin 1791 Déclaration des Droits de L'homme et du citoyen Non
90%
Le 21 janvier 1793 Déclaration des Droits de L'homme et du citoyen Non
90%
Le 21 janvier 1793 Fuite à Varennes Non
90%
Le 14 septembre 1791: Les Etats Généraux s'ouvrent à Versailles Non
90%
Le 21 janvier 1793 Premiers pas de la Monarchie Constitutionnelle Non
90%
Le 5 mai 1789 Serment du jeu de Paume Non
90%
Le 14 septembre 1791: Serment du jeu de Paume Non
90%
Le 21 janvier 1793 La Convention Nationale abolit la royauté et fonde la République Non
89%
Le 10 Août 1792 Prise de la Bastille Non
89%
Le 14 septembre 1791: Exécution de Louis 16 Non
88%
Le 14 septembre 1791: Déclaration des Droits de L'homme et du citoyen Non
87%
Le 21 juin 1791 La Convention Nationale abolit la royauté et fonde la République Non
87%
Le 10 Août 1792 Les Etats Généraux s'ouvrent à Versailles Non
87%
Le 10 Août 1792 Serment du jeu de Paume Non
87%
Le 10 Août 1792 Déclaration des Droits de L'homme et du citoyen Non
86%
Le 21 septembre 1972 Prise de la Bastille Non
86%
Le 14 septembre 1791: Début de la Terreur Non
85%
Le 21 septembre 1972 Les Etats Généraux s'ouvrent à Versailles Non
85%
Le 21 septembre 1972 Serment du jeu de Paume Non
85%
Le 21 janvier 1793 Début de la Terreur Non
84%
Le 21 septembre 1972 Déclaration des Droits de L'homme et du citoyen Non
84%
Le 10 Août 1792 Exécution de Louis 16 Non
84%
Le 20 juin 1789 Serment du jeu de Paume Oui
83%
Le 21 septembre 1972 Fuite à Varennes Non
82%
Le 5 mai 1789 Les Etats Généraux s'ouvrent à Versailles Oui
81%
Le 21 septembre 1972 Exécution de Louis 16 Non
80%
Le 10 Août 1792 Fuite à Varennes Non
80%
Le 10 Août 1792 Premiers pas de la Monarchie Constitutionnelle Non
78%
26 Août 1789 Déclaration des Droits de L'homme et du citoyen Oui
77%
Le 21 janvier 1793 Exécution de Louis 16 Oui
77%
Le 21 septembre 1972 Premiers pas de la Monarchie Constitutionnelle Non
77%
Le 14 septembre 1791: Fuite à Varennes Non
75%
Le 14 septembre 1791: La Convention Nationale abolit la royauté et fonde la République Non
75%
Le 21 juin 1791 Premiers pas de la Monarchie Constitutionnelle Non
70%
Le 21 septembre 1972 Début de la Terreur Non
61%
Le 10 Août 1792 La Convention Nationale abolit la royauté et fonde la République Non
55%
Le 21 juin 1791 Fuite à Varennes Oui
53%
Le 14 septembre 1791: Premiers pas de la Monarchie Constitutionnelle Oui
42%
Le 21 septembre 1972 La Convention Nationale abolit la royauté et fonde la République Oui
37%
Le 10 Août 1792 Début de la Terreur Oui
24%
Aucun quiz correspondant
Distribution des résultats
% des personnes avec chaque résultat
Percentile par nombre de réponses
Votre historique - résultats
Vous n’avez pas pris ce quiz